Power in a union (Record no. 73309)

MARC details
000 -LEADER
fixed length control field 01612cam a2200229 4500
001 - CONTROL NUMBER
control field ABS67016
008 - FIXED-LENGTH DATA ELEMENTS--GENERAL INFORMATION
fixed length control field 030901n2003 000 0 eng u
035 ## - SYSTEM CONTROL NUMBER
System control number (Sirsi) u123416
100 ## - MAIN ENTRY--PERSONAL NAME
Personal name Norwood, G.
245 ## - TITLE STATEMENT
Title Power in a union
260 ## - PUBLICATION, DISTRIBUTION, ETC.
Date of publication, distribution, etc. 2003
490 ## - SERIES STATEMENT
Series statement Estates Gazette
Volume/sequential designation (0329) 19 July 2003, 104-105(2)
520 ## - SUMMARY, ETC.
Summary, etc. Looks at the creation of a new trade body, the Council of Property Search Organisations (CoPSO), which aims to represent the growing number of private search organisations now involved in more than 40% of property purchases in the UK. These companies have proved that they can deliver planning information from local authorities and environmental data from a range of utility sources, placing them at the centre of government proposals for speeding up house transactions via home information packs. CoPSO will further its members' market position by campaigning against local authorities that impede private search organisations' access to data and those that have not invested sufficiently in rapid electronic search data transmission facilities. It will also try to win over those mortgage lenders that still refuse to accept property search data from private companies. Lists CoPSO's priorities, objectives and members. Further information from www.copso.org.uk.
590 ## - LOCAL NOTE (RLIN)
Local note ABS
650 ## - SUBJECT ADDED ENTRY--TOPICAL TERM
Topical term or geographic name entry element HOME INFORMATION PACKS
650 ## - SUBJECT ADDED ENTRY--TOPICAL TERM
Topical term or geographic name entry element PROPERTY INFORMATION
650 ## - SUBJECT ADDED ENTRY--TOPICAL TERM
Topical term or geographic name entry element COUNCIL OF PROPERTY SEARCH ORGANISATIONS
650 ## - SUBJECT ADDED ENTRY--TOPICAL TERM
Topical term or geographic name entry element SEARCH SERVICES
690 ## - LOCAL SUBJECT ADDED ENTRY--TOPICAL TERM (OCLC, RLIN)
Topical term or geographic name as entry element PROPERTY AND LAND LAW-CONVEYANCING
856 ## - ELECTRONIC LOCATION AND ACCESS
Uniform Resource Identifier <a href="https://www.copso.org.uk">https://www.copso.org.uk</a>
Public note View the CoPSO website...
942 ## - ADDED ENTRY ELEMENTS (KOHA)
Suppress in OPAC 0
Holdings
Withdrawn status Lost status Source of classification or shelving scheme Damaged status Not for loan Home library Current library Shelving location Date acquired Total Checkouts Full call number Barcode Date last seen Copy number Price effective from Koha item type
    Dewey Decimal Classification     London London Journal article 01/09/2003   ABS67016 123416-1001 06/08/2019 1 06/08/2019 Journal article